Statistics for BUSINESS ENGLISH EXPRESSIONS

Click here to take the quiz!

General Stats

  • This quiz has been taken 21 times
  • The average score is 12 of 30

Answer Stats

HintAnswer% Correct
un duro golpea tough break
82%
quedarse cortocome up short
73%
trato secretobackroom deal
64%
cedercave in
55%
Nicho de Mercadocorner a market
55%
tomar atajoscut corners
55%
despiadadocut-throat
55%
estrategiagame plan
55%
por delante de la competenciaahead of the curve
45%
en secretobehind the scenes
45%
visión generalbig picture
45%
tomar a alguien desprevenidocatch someone off guard
45%
diamante en bruto.diamond in the rough
45%
como viene, se vaeasy come, easy go
45%
desde cerofrom the ground up
45%
empezar el trabajo.get the ball rolling
45%
en riesgo.at stake
36%
volver al punto de partidaback to square one
36%
empezar de cero, volver al punto de partidaback to the drawing board
36%
obrerilblue collar
36%
dejarlo por hoycall it a day
36%
por delante del resto.ahead of the pack
27%
numero aproximadoballpark number
27%
según las reglasby the book
27%
cambio de ritmo.change of pace
27%
retirarse antes de perder máscut one's losses
27%
volver al ritmo de las cosasget back in the swing of things
18%
Ir al granoget down to business
18%
quedar bienget on the good side of someone
18%
hacer despegar algoget something off the ground
18%

Score Distribution

Percentile by Number Answered

Percent of People with Each Score

Your Score History

You have not taken this quiz